Searching for meaning; (Record no. 2296)

MARC details
000 -LEADER
fixed length control field 00734nam a2200253 4500
001 - CONTROL NUMBER
control field 2198789
003 - CONTROL NUMBER IDENTIFIER
control field GBCCL
005 - DATE AND TIME OF LATEST TRANSACTION
control field 20241126110426.0
008 - FIXED-LENGTH DATA ELEMENTS--GENERAL INFORMATION
fixed length control field 710823t19711970paua 001 0 eng
010 ## -
-- 73150681
020 ## - INTERNATIONAL STANDARD BOOK NUMBER
International Standard Book Number 0825547008
040 ## - CATALOGING SOURCE
Original cataloging agency DLC
Transcribing agency DLC
Modifying agency DLC
050 00 -
-- BJ1470
-- .I83 1971
082 00 - DEWEY DECIMAL CLASSIFICATION NUMBER
Classification number 200
Item number ISH
100 1# - MAIN ENTRY--PERSONAL NAME
Personal name Isherwood, Margaret.
9 (RLIN) 4750
245 10 - TITLE STATEMENT
Title Searching for meaning;
Remainder of title a religion of inner growth for agnostics and believers.
260 ## - PUBLICATION, DISTRIBUTION, ETC.
Place of publication, distribution, etc. Philadelphia,
Name of publisher, distributor, etc. Macrae Smith Co.
Date of publication, distribution, etc. [1971, c1970]
300 ## - PHYSICAL DESCRIPTION
Extent 175 p.
Other physical details illus.
Dimensions 24 cm.
350 ## - PRICE (NR) (BK AM CF MU VM SE) [OBSOLETE]
Price $5.95
650 #0 - SUBJECT ADDED ENTRY--TOPICAL TERM
Topical term or geographic name entry element Self-realization.
9 (RLIN) 4751
650 #0 - SUBJECT ADDED ENTRY--TOPICAL TERM
Topical term or geographic name entry element Religion.
9 (RLIN) 1728
906 ## - LOCAL DATA ELEMENT F, LDF (RLIN)
a 7
b cbc
c orignew
d 2
e ncip
f 19
g y-gencatlg
942 ## - ADDED ENTRY ELEMENTS (KOHA)
Source of classification or shelving scheme Dewey Decimal Classification
Koha item type Books
Holdings
Withdrawn status Lost status Source of classification or shelving scheme Damaged status Not for loan Home library Current Library Shelving location Date acquired Total checkouts Full call number Barcode Date last seen Copy number Price effective from Koha item type
    Dewey Decimal Classification     GRACE BIBLE COLLEGE GRACE BIBLE COLLEGE Philosophy and Religion 2017-07-31   200 ISH 007419 2025-05-01 c.1 2017-07-31 Books
© Grace Bible College Library 2025